Our social inheritance. (Record no. 128175)
[ view plain ]
| 000 -LEADER | |
|---|---|
| fixed length control field | 00781cam a22002651 4500 |
| 001 - CONTROL NUMBER | |
| control field | 8405763 |
| 003 - CONTROL NUMBER IDENTIFIER | |
| control field | ARRUPE |
| 005 - DATE AND TIME OF LATEST TRANSACTION | |
| control field | 20180914121758.0 |
| 008 - FIXED-LENGTH DATA ELEMENTS--GENERAL INFORMATION | |
| fixed length control field | 750527s1957 inu 000 0 eng |
| 010 ## - LIBRARY OF CONGRESS CONTROL NUMBER | |
| LC control number | 57007707 |
| 035 ## - SYSTEM CONTROL NUMBER | |
| System control number | (OCoLC)1355952 |
| 040 ## - CATALOGING SOURCE | |
| Original cataloging agency | DLC |
| Transcribing agency | TxShA |
| Modifying agency | OCoLC |
| -- | DLC |
| 042 ## - AUTHENTICATION CODE | |
| Authentication code | premarc |
| 050 00 - LIBRARY OF CONGRESS CALL NUMBER | |
| Classification number | HM101 |
| Item number | .L4 |
| 082 ## - DEWEY DECIMAL CLASSIFICATION NUMBER | |
| Classification number | 301 |
| 300 ## - PHYSICAL DESCRIPTION | |
| Dimensions | 22 cm. |
| 100 1# - MAIN ENTRY--PERSONAL NAME | |
| Personal name | Lewis, Clarence Irving, |
| Dates associated with a name | 1883-1964. |
| 9 (RLIN) | 8855 |
| 245 10 - TITLE STATEMENT | |
| Title | Our social inheritance. |
| Statement of responsibility, etc | Cla |
| 260 ## - PUBLICATION, DISTRIBUTION, ETC. (IMPRINT) | |
| Place of publication, distribution, etc | Bloomington, |
| Name of publisher, distributor, etc | Indiana University Press |
| Date of publication, distribution, etc | 1957 |
| 300 ## - PHYSICAL DESCRIPTION | |
| Extent | 110 p. |
| 650 #0 - SUBJECT ADDED ENTRY--TOPICAL TERM | |
| Topical term or geographic name as entry element | Progress. |
| 9 (RLIN) | 19459 |
| 650 #0 - SUBJECT ADDED ENTRY--TOPICAL TERM | |
| Topical term or geographic name as entry element | Civilization. |
| 9 (RLIN) | 42221 |
| 906 ## - LOCAL DATA ELEMENT F, LDF (RLIN) | |
| a | 7 |
| b | cbc |
| c | oclcrpl |
| d | u |
| e | ncip |
| f | 19 |
| g | y-gencatlg |
| 942 ## - ADDED ENTRY ELEMENTS (KOHA) | |
| Source of classification or shelving scheme | Library of Congress Classification |
| Koha item type | Monograph ( Printed materials) |
| Withdrawn status | Lost status | Source of classification or shelving scheme | Damaged status | Not for loan | Collection code | Home library | Current library | Shelving location | Date acquired | Total Checkouts | Full call number | Barcode | Date last seen | Price effective from | Koha item type |
|---|---|---|---|---|---|---|---|---|---|---|---|---|---|---|---|
| Library of Congress Classification | Main Collection | ARRUPE LIBRARY | ARRUPE LIBRARY | Main Collection | 14/09/2018 | HM101 .L4 | 46600002053 | 14/09/2018 | 14/09/2018 | Monograph ( Printed materials) |